Historia universal de la era de las revoluciones al mundo globalizado (Registro nro. 3290)
[ vista simple ]
| 000 -CABECERA | |
|---|---|
| campo de control de longitud fija | 00889aam a2200289 4500 |
| 005 - FECHA Y HORA DE ACTUALIZACIÓN | |
| campo de control | 20161121105511.0 |
| 008 - LONGITUD FIJA | |
| campo de control de longitud fija | 150407b xxu||||| |||| 00| 0 spa d |
| 041 ## - IDIOMA | |
| Código de idioma del texto/pista de sonido o título separado | |
| 082 ## - CLASIFICACIÓN DECIMAL DEWEY | |
| Número de clasificación | 909 D532h |
| 100 ## - AUTOR PERSONAL | |
| Nombre de persona | Delgado de Cantú, Gloria |
| 245 ## - TÍTULO PROPIAMENTE DICHO | |
| Título | Historia universal de la era de las revoluciones al mundo globalizado |
| 250 ## - EDICIÓN | |
| Mención de edición | 3 edición |
| 260 ## - PIE DE IMPRENTA | |
| Lugar de publicación, distribución, etc. | México |
| Nombre del editor, distribuidor, etc. | Pearson Educación |
| Fecha de publicación, distribución, etc. | 616 páginas |
| 650 ## - Materia General | |
| Materia general | HISTORIA UNIVERSAL |
| 650 ## - Materia General | |
| Materia general | PREHISTORIA |
| 650 ## - Materia General | |
| Materia general | EDAD ANTIGUA |
| 650 ## - Materia General | |
| Materia general | EDAD MEDIA |
| 650 ## - Materia General | |
| Materia general | REVOLUCIONES BURGUESAS |
| 650 ## - Materia General | |
| Materia general | IMPERIALISMO |
| 650 ## - Materia General | |
| Materia general | PRIMERA GUERRA MUNDIAL |
| 650 ## - Materia General | |
| Materia general | REVOLUCIÓN RUSA |
| 650 ## - Materia General | |
| Materia general | PERIODO ENTREGUERRAS |
| 650 ## - Materia General | |
| Materia general | CAPITALISMO |
| 650 ## - Materia General | |
| Materia general | SOCIALISMO |
| 650 ## - Materia General | |
| Materia general | GLOBALIZACIÓN |
| 942 ## - Punto de Acceso Adicional Koha | |
| Tipo de ítem Koha | Libro |
| Estado perdido | Estado dañado | No para préstamo | Biblioteca permanente | Biblioteca actual | Signatura completa | Código de barras | Precio efectivo a partir del | Tipo de ítem |
|---|---|---|---|---|---|---|---|---|
| Departamento de Biblioteca y Documentación Alfonso Chase Brenes | Departamento de Biblioteca y Documentación Alfonso Chase Brenes | 909 D532h | 18003 | 20/10/2016 | Libro |